Mundial de Clubes da FIFA 2022 - Statistics

Estatísticas Gerais
  • Esse quiz foi jogado 84 vezes
    48 desde o último reset
  • A pontuação média é 5 de 7
Estatísticas das Respostas
País da equipe Classificação como campeão da Equipe % Correto
Brasil Conmebol Libertadores Flamengo
98%
Espanha UEFA Champions League Real Madrid
93%
Arábia Saudita AFC Champions League 2021 Al-Hilal
89%
Egito Vice da CAF Champions League Al-Ahly
62%
Estados Unidos Concacaf Champions League Seattle Sounders
40%
Nova Zelândia OFC Champions League Auckland City
38%
Marrocos CAF Champions League Wydad Casablanca
38%
Nenhum quiz correspondente encontrado
Distribuição das Pontuações
Porcentagem de Pessoas com Cada Pontuação
Percentil de Números Respondidos
Sua Pontuação Histórica
Você não jogou esse quiz desde o último reset